No Role Modelz - J. Cole (Full lyrics) - Statistics

General Stats
  • This quiz has been taken 173 times
  • The average score is 543 of 755
Answer Stats
Lyrics % Correct
I
99%
a
96%
ayy
96%
my
96%
My
96%
For
95%
for
95%
on
95%
on...
95%
yeah,
95%
be
94%
You
94%
you
94%
haha
93%
the
93%
Then
93%
then
93%
do',
91%
her,
91%
her
91%
I'm
91%
in
91%
real
91%
she
91%
She
91%
when
90%
Don't
89%
don't
89%
peace,
89%
peace
89%
save
88%
saved
87%
bitch
86%
ever
86%
One
86%
one
86%
only
86%
that
86%
That
86%
that,
86%
time
86%
time,
86%
First
85%
first:
85%
ho
85%
me
85%
me,
85%
rest
85%
wanna
85%
get
84%
to
84%
Uncle
84%
No
83%
no
83%
an
82%
can
82%
father
82%
know
82%
things
82%
knew
81%
L.A.
81%
Phil
81%
who
81%
better
79%
can't
79%
nigga
79%
Nigga,
79%
nigga,
79%
sisters
78%
and
77%
And
77%
back
77%
back,
77%
Back
77%
back?
77%
back"
77%
go
77%
role
77%
models,
76%
models
76%
now
73%
Now
73%
tell
73%
was
73%
difference
72%
here
70%
it
70%
it"
70%
right
70%
shame
70%
hoes
68%
pregnant,
68%
Fuck
67%
fuck
67%
Ville
67%
by
66%
fool
66%
Fool
66%
niggas
64%
could
63%
of
63%
of-
63%
speak
63%
twice,
63%
with-
63%
with
63%
With
63%
made
62%
way
62%
blame
61%
put
61%
so
61%
three
61%
Lame
59%
times,
59%
memory,
58%
up
58%
we
58%
your
58%
couldn't
57%
would
57%
I'ma
56%
"I'ma
56%
let
56%
talk
56%
good?
55%
good"
55%
King
55%
Martin
55%
once...
55%
rain
55%
sign
55%
want
55%
baddest
54%
chopper,
54%
have
54%
Luther
54%
Prophecies
54%
through
54%
again
53%
call
53%
feet
53%
too
53%
find
52%
Load
52%
reality
52%
rubbed
52%
saying
52%
shallow
52%
but
51%
But
51%
gettin'
51%
never
51%
Out-
51%
Out
51%
Searchin'
51%
Before
50%
fooled
50%
'Fore
50%
'fore
50%
got
50%
Last
50%
night,
50%
old
50%
shows
50%
what's
50%
been
49%
Dreamville,
49%
"Hey,
49%
love,
49%
love
49%
girl
48%
it's
48%
regret
48%
regret,
48%
think
48%
bitches
47%
"bitches"
47%
celebrity
47%
home,
47%
home
47%
Tennessee,
47%
Texas,
47%
from
46%
ill
46%
Not
46%
pussy
46%
There's
46%
young
46%
like
45%
stay
45%
thought
45%
Will
45%
without
45%
any
44%
'bout
44%
'cause
44%
'em
44%
Ain't
43%
ain't
43%
swear
43%
this
43%
wood
43%
woulda
43%
callin'
42%
make
42%
white
42%
911
41%
God,
41%
if
41%
lay
41%
leave
41%
neighborhoods
41%
phone
41%
proceed
41%
rich
41%
started
41%
comin'
40%
heavily
40%
need
40%
fast
39%
how
39%
is
39%
melody,
39%
same
39%
shirt
39%
all
38%
B-list
38%
came
38%
even
38%
hang
38%
platinum
38%
says,
38%
touch-
38%
Jada
37%
wear
37%
dark-
36%
Fulfilled
36%
Sorry,
36%
spoiled
36%
sweatin'
36%
at
35%
Lisa
35%
or
35%
said,
35%
they
35%
Aunt
34%
broke,
34%
Listen,
34%
plaque
34%
probably
34%
prolly
34%
team
34%
Trina,
34%
off
33%
Viv
33%
take
32%
that's
32%
crib
31%
kid
31%
bird,
30%
bird
30%
defensive
30%
flirt
30%
kick
30%
left
30%
rap
30%
skinned
30%
toothbrush
30%
five
29%
Hollywood
29%
six
29%
trap
29%
"Nah,
28%
skirt,
28%
wonder
28%
gotta
27%
Nia
27%
Takin'
27%
whether
27%
didn't
26%
read
26%
song
26%
Long
24%
bringin'
23%
wadn't
23%
Aaliyah
22%
Greystone
22%
deep
21%
deserved
20%
face
20%
script,
19%
Hand
17%
stale
17%
along
16%
bitch'll
16%
Bonet
12%
Sade
10%
Adu
9%
No matching quizzes found
Score Distribution
Percent of People with Each Score
Percentile by Number Answered
Your Score History
You have not taken this quiz